00386nam a22001097a 4500008004100000020001800041082001800059100001700077245013800094260003600232300000800268230605b xxu||||| |||| 00| 0 eng d a9781906329020 a328.3453bSIT cSamuel Sitta aA parliament with teethbAfrica research institutecBy samuel sitta, willibrod slaa & john Cheyo with an introduction by Mark Ashurst bAfrica research institutec2008 a88p